[Event "OP-2013-0-02811"]
[Site "LSS email"]
[Date "2013.05.31"]
[Round "?"]
[White "Kulakiewicz, Mariusz"]
[Black "Marko, Karol"]
[Result "1-0"]
[WhiteElo "1867"]
[BlackElo "484"]
[PlyCount "21"]
[EventDate "2013.05.28"]
[EventType "tourn (corr)"]
[EventRounds "4"]
[EventCountry "GER"]
[SourceTitle "Corr 2015"]
[Source "ChessBase"]
[SourceDate "2015.07.17"]
[SourceVersion "1"]
[SourceVersionDate "2015.07.17"]
[SourceQuality "1"]

1. e4 e5 2. Nf3 Nc6 3. Bb5 Nf6 4. Nc3 d6 5. d4 Bg4 6. d5 a6 7. Ba4 Bxf3 8. Qxf3 h6 9. dxc6 b6 10. Bb3 g5 11. Nd5 1-0

[Event "RN-2013-0-00648"]
[Site "LSS email"]
[Date "2013.05.23"]
[Round "?"]
[White "Marko, Karol"]
[Black "Bokros, Csaba"]
[Result "0-1"]
[WhiteElo "484"]
[BlackElo "826"]
[PlyCount "24"]
[EventDate "2013.05.09"]
[EventType "tourn (corr)"]
[EventRounds "6"]
[EventCountry "GER"]
[SourceTitle "Corr 2015"]
[Source "ChessBase"]
[SourceDate "2015.07.17"]
[SourceVersion "1"]
[SourceVersionDate "2015.07.17"]
[SourceQuality "1"]

1. Nf3 Nf6 2. Nc3 Nc6 3. e4 e5 4. d3 Bc5 5. Be3 Bxe3 6. fxe3 0-0 7. Be2 d6 8. a3 a6 9. d4 exd4 10. Nxd4 Bd7 11. Nxc6 Bxc6 12. Nd5 Nxe4 0-1

[Event "OP-2013-0-02791"]
[Site "LSS email"]
[Date "2013.05.21"]
[Round "?"]
[White "Kharchuk, Yurij"]
[Black "Marko, Karol"]
[Result "1-0"]
[WhiteElo "1210"]
[BlackElo "484"]
[PlyCount "27"]
[EventDate "2013.05.17"]
[EventType "tourn (corr)"]
[EventRounds "4"]
[EventCountry "GER"]
[SourceTitle "Corr 2015"]
[Source "ChessBase"]
[SourceDate "2015.07.17"]
[SourceVersion "1"]
[SourceVersionDate "2015.07.17"]
[SourceQuality "1"]

1. e4 e5 2. Nf3 d6 3. Bc4 Nc6 4. Nc3 Nf6 5. d4 Bg4 6. d5 Bxf3 7. Qxf3 Nd4 8. Qd1 Ng4 9. Qxg4 Nxc2+ 10. Kd1 Nxa1 11. Bb5+ c6 12. dxc6 bxc6 13. Bxc6+ Ke7 14. Nd5# 1-0

[Event "ZN-2011-0-01459"]
[Site "LSS email"]
[Date "2011.04.21"]
[Round "?"]
[White "Marko, Karol"]
[Black "Lauer, Fredric"]
[Result "0-1"]
[WhiteElo "539"]
[BlackElo "939"]
[PlyCount "45"]
[EventDate "2011.04.15"]
[EventType "match (corr)"]
[EventRounds "2"]
[EventCountry "GER"]
[SourceTitle "Telechess CBM 147"]
[Source "ChessBase"]
[SourceDate "2012.03.16"]
[SourceVersion "1"]
[SourceVersionDate "2012.03.16"]
[SourceQuality "1"]

1. e4 d5 2. Nc3 dxe4 3. Nxe4 Qd5 4. Nc3 Qa5 5. Nge2 Nf6 6. g3 c6 7. a3 Bg4 8. d3 Nbd7 9. Bd2 Qc7 10. h3 Bf3 11. Rg1 0-0-0 12. Bf4 e5 13. Bg5 h6 14. Bxf6 Nxf6 15. Bg2 Bxg2 16. Rxg2 e4 17. d4 Bd6 18. Nf4 Bxf4 19. gxf4 Qxf4 20. Rxg7 e3 21. f3 Rxd4 22. Qe2 Rd2 23. Qg2 0-1

[Event "OP-2010-0-01061"]
[Site "LSS email"]
[Date "2010.01.26"]
[Round "?"]
[White "Marko, Karol"]
[Black "Verich, Oleg"]
[Result "0-1"]
[WhiteElo "800"]
[BlackElo "1011"]
[PlyCount "24"]
[EventDate "2010.01.21"]
[EventType "tourn (corr)"]
[EventRounds "4"]
[EventCountry "GER"]
[SourceTitle "Corr 2015"]
[Source "ChessBase"]
[SourceDate "2015.07.17"]
[SourceVersion "1"]
[SourceVersionDate "2015.07.17"]
[SourceQuality "1"]

1. Nf3 d5 2. d4 Nc6 3. e3 a6 4. Nc3 Bg4 5. Be2 Nf6 6. h3 Bh5 7. g4 Bg6 8. Bd2 e6 9. Bd3 Bxd3 10. cxd3 Be7 11. Qb3 b5 12. e4 0-0 0-1

[Event "LSS ZN-2009-0-00887"]
[Site "LSS email"]
[Date "2010.01.24"]
[Round "?"]
[White "Marko, Karol"]
[Black "Oginski, Krzysztof"]
[Result "0-1"]
[WhiteElo "800"]
[BlackElo "1793"]
[PlyCount "34"]
[EventDate "2010.01.22"]
[EventType "match (corr)"]
[EventRounds "2"]
[EventCountry "GER"]
[SourceTitle "Corr 2015"]
[Source "ChessBase"]
[SourceDate "2015.07.17"]
[SourceVersion "1"]
[SourceVersionDate "2015.07.17"]
[SourceQuality "1"]

1. e4 c5 2. Nc3 Nc6 3. Nf3 d6 4. d3 g6 5. Bf4 Bg7 6. Be2 Nf6 7. h3 0-0 8. 0-0 b6 9. a3 Bb7 10. Bg3 Nh5 11. Qc1 Nxg3 12. Rd1 Bxc3 13. bxc3 Nxe2+ 14. Kh2 Nxc1 15. Rdxc1 Ne5 16. Nxe5 dxe5 17. f3 e6 0-1

[Event "LSS ZN-2010-0-00886"]
[Site "LSS email"]
[Date "2010.01.24"]
[Round "?"]
[White "Marko, Karol"]
[Black "Potemri, Stefan"]
[Result "0-1"]
[WhiteElo "800"]
[BlackElo "1106"]
[PlyCount "40"]
[EventDate "2010.01.22"]
[EventType "match (corr)"]
[EventRounds "2"]
[EventCountry "GER"]
[SourceTitle "Corr 2013"]
[Source "ChessBase"]
[SourceDate "2012.11.12"]
[SourceVersion "1"]
[SourceVersionDate "2012.11.12"]
[SourceQuality "1"]

1. e4 e5 2. Nf3 Nc6 3. Nc3 Bb4 4. Bc4 Nf6 5. Bxf7+ Kxf7 6. Ng5+ Kg8 7. Qh5 Nxh5 8. Nf3 Nf6 9. a3 Bxc3 10. bxc3 Nxe4 11. 0-0 d5 12. Bb2 Bg4 13. d3 Bxf3 14. gxf3 Nd2 15. Rfd1 Qg5+ 16. Kh1 Nxf3 17. c4 Qf4 18. Kg2 Qg4+ 19. Kf1 Re8 20. Ke2 Ncd4+ 0-1

[Event "LSS ZN-2010-0-00886"]
[Site "LSS email"]
[Date "2010.01.24"]
[Round "?"]
[White "Potemri, Stefan"]
[Black "Marko, Karol"]
[Result "1-0"]
[WhiteElo "1106"]
[BlackElo "800"]
[PlyCount "41"]
[EventDate "2010.01.22"]
[EventType "match (corr)"]
[EventRounds "2"]
[EventCountry "GER"]
[SourceTitle "Corr 2013"]
[Source "ChessBase"]
[SourceDate "2012.11.12"]
[SourceVersion "1"]
[SourceVersionDate "2012.11.12"]
[SourceQuality "1"]

1. e4 e5 2. Nf3 Nc6 3. Bb5 Bd6 4. 0-0 Nf6 5. d4 exd4 6. e5 Nxe5 7. Nxe5 Bxe5 8. Re1 Qe7 9. f4 0-0 10. fxe5 Nd5 11. Qxd4 c6 12. Bd2 a6 13. Bc4 Qe6 14. Nc3 Qg6 15. Bxd5 cxd5 16. Nxd5 Qxc2 17. Rac1 Qf5 18. Ne7+ Kh8 19. Nxf5 d6 20. Nxg7 Kxg7 21. exd6+ 1-0

[Event "LSS BI-2008-P-00020"]
[Site "LSS email"]
[Date "2008.04.27"]
[Round "?"]
[White "Marko, Karol"]
[Black "Noble, Mark Frederick"]
[Result "0-1"]
[WhiteElo "1000"]
[BlackElo "2305"]
[PlyCount "30"]
[EventDate "2008.04.27"]
[EventType "tourn (corr)"]
[EventRounds "10"]
[EventCountry "GER"]
[SourceTitle "Corr 2011"]
[Source "ChessBase"]
[SourceDate "2010.08.31"]
[SourceVersion "1"]
[SourceVersionDate "2010.08.31"]
[SourceQuality "1"]

1. e4 c5 2. Nf3 d6 3. d3 Nf6 4. Nc3 Nc6 5. Bg5 h6 6. Bxf6 gxf6 7. Be2 Rg8 8. a3 Rxg2 9. Kf1 Bh3 10. Ke1 Rg7 11. Qd2 Bg2 12. Qxh6 Bxh1 13. Kd2 Rg1 14. Rxg1 Bxh6+ 15. Ke1 Bxf3 0-1

[Event "LSS OP-2008-0-00528"]
[Site "LSS email"]
[Date "2008.04.24"]
[Round "?"]
[White "Law, Stephen"]
[Black "Marko, Karol"]
[Result "1-0"]
[WhiteElo "1695"]
[BlackElo "1000"]
[PlyCount "29"]
[EventDate "2008.04.22"]
[EventType "tourn (corr)"]
[EventRounds "4"]
[EventCountry "GER"]
[SourceTitle "Corr 2011"]
[Source "ChessBase"]
[SourceDate "2010.08.31"]
[SourceVersion "1"]
[SourceVersionDate "2010.08.31"]
[SourceQuality "1"]

1. e4 c5 2. Nf3 Nc6 3. d4 e6 4. Nc3 d5 5. exd5 exd5 6. Be3 Nf6 7. dxc5 Be7 8. Be2 0-0 9. a3 Ne4 10. Nxe4 dxe4 11. Qxd8 Rxd8 12. Nd2 f5 13. 0-0-0 Be6 14. Bc4 Bxc4 15. Nxc4 1-0

[Event "IECG CF.2005.0.00067 email"]
[Site "IECG email"]
[Date "2005.01.16"]
[Round "?"]
[White "Mchale, Ayman"]
[Black "Marko, Karol"]
[Result "1-0"]
[WhiteElo "1000"]
[BlackElo "1000"]
[PlyCount "57"]
[EventDate "2005.01.16"]
[EventType "tourn (corr)"]
[EventRounds "6"]
[SourceTitle "Corr 2008"]
[Source "ChessBase"]
[SourceDate "2008.06.24"]
[SourceVersion "1"]
[SourceVersionDate "2008.06.24"]
[SourceQuality "1"]

1. e4 e5 2. Nf3 Nc6 3. Bb5 d6 4. d4 Bd7 5. Bxc6 Bxc6 6. Nc3 Nf6 7. Qd3 a6 8. 0-0 h6 9. dxe5 dxe5 10. Nxe5 Qxd3 11. cxd3 Bc5 12. Be3 Bxe3 13. fxe3 0-0 14. Nxc6 bxc6 15. d4 Rab8 16. b3 Rfe8 17. Rf4 a5 18. Rc1 Rb6 19. e5 Nh5 20. Rh4 g6 21. Na4 Ra6 22. g4 Ng7 23. Nc5 Raa8 24. Ne4 Re6 25. Nf6+ Rxf6 26. exf6 Ne6 27. Rxh6 Re8 28. Rxc6 Ng5 29. Rxc7 1-0

[Event "IECC TH-M-2495"]
[Site "IECC email"]
[Date "2004.11.01"]
[Round "?"]
[White "Marko, Karol"]
[Black "Lafargue, Philippe"]
[Result "1-0"]
[WhiteElo "1045"]
[BlackElo "912"]
[PlyCount "55"]
[EventDate "2004.??.??"]
[EventType "tourn (corr)"]
[SourceTitle "Corr 2020"]
[Source "ChessBase"]
[SourceDate "2019.09.30"]
[SourceVersion "1"]
[SourceVersionDate "2019.09.30"]
[SourceQuality "1"]
[WhiteTeam "Slovakia"]
[BlackTeam "France"]
[WhiteTeamCountry "SVK"]
[BlackTeamCountry "FRA"]

1. d4 Nf6 2. c4 e6 3. g3 d5 4. Bg2 Bb4+ 5. Bd2 Nc6 6. Bxb4 Nxb4 7. Qa4+ Nc6 8. c5 Bd7 9. Nf3 Ne7 10. Qb3 0-0 11. 0-0 b6 12. Rc1 Nf5 13. c6 Be8 14. Nbd2 Bxc6 15. Rxc6 Qd7 16. Rac1 Rac8 17. Qa3 a5 18. Ne5 Qe8 19. Rxc7 Nd6 20. Qxd6 Rxc7 21. Qxc7 Kh8 22. Qxb6 Qa4 23. Qb3 Qxd4 24. Ndf3 Qe4 25. Qc2 Ng4 26. Qxe4 dxe4 27. Nd4 e3 28. Nxg4 1-0

[Event "SVK-ch qf 36th corr"]
[Site "Slovakia"]
[Date "2004.??.??"]
[Round "?"]
[White "Benovic, Pavel"]
[Black "Marko, Karol"]
[Result "1-0"]
[WhiteElo "2004"]
[BlackElo "1638"]
[PlyCount "47"]
[EventDate "2004.07.12"]
[EventType "tourn (corr)"]
[EventRounds "6"]
[EventCountry "SVK"]
[SourceTitle "Corr 2008"]
[Source "ChessBase"]
[SourceDate "2008.06.24"]
[SourceVersion "1"]
[SourceVersionDate "2008.06.24"]
[SourceQuality "1"]

1. e4 c5 2. Nf3 e6 3. d4 Nc6 4. d5 Nd4 5. Nxd4 cxd4 6. Qxd4 d6 7. dxe6 fxe6 8. Nc3 Ne7 9. Be2 Nc6 10. Bh5+ Kd7 11. Qd3 g6 12. Be2 Bg7 13. Nb5 Qf8 14. Be3 Bxb2 15. Rd1 Be5 16. 0-0 Bf4 17. Qa3 Kd8 18. Bxf4 Qxf4 19. Rxd6+ Bd7 20. Rfd1 Nb8 21. Qc3 Qf7 22. Qxh8+ Qe8 23. Qe5 a6 24. Nc7 1-0